| 000 | 00713nam a22002297a 4500 | ||
|---|---|---|---|
| 005 | 20251108174640.0 | ||
| 008 | 250721s2007 xx 000 0 ara d | ||
| 020 | _a9774271408 | ||
| 082 | 1 | 4 | _aط/613/روي |
| 100 | 1 | _aرويستون، أنجيلا | |
| 245 | 1 | 0 | _aلماذا نحتاج إلى النشاط و الحركة ؟ / |
| 264 | 1 |
_aالقاهرة : _bالدار المصرية اللبنانية، _c2007. |
|
| 300 | _a24ص. | ||
| 490 | 0 | _aحافظ على صحتك | |
| 650 | 1 | 7 | _aاطفال |
| 650 | 1 | 7 | _aالحركه |
| 653 | _aنشاط | ||
| 653 | _aاطفال مرحله متوسطه(6-9)سنوات | ||
| 700 | 1 |
_aعيد، حسين _eمترجم |
|
| 942 |
_2ddc _cBK |
||
| 999 |
_c114445 _d114445 |
||